Biggest Trading Partners - Cuba - Statistics

General Stats
  • This quiz has been taken 721 times
  • The average score is 15 of 23
Answer Stats
exports imports country % Correct
180 mil United States
97%
364 mil 1884 mil China
96%
356 mil Mexico
96%
48.4 mil 85.3 mil Russia
95%
50.7 mil 514 mil Brazil
92%
27.4 mil United Kingdom
92%
407 mil 387 mil Canada
91%
139 mil 1070 mil Spain
91%
28.3 mil 163 mil France
90%
45.9 mil 286 mil Germany
89%
368 mil Italy
85%
276 mil Argentina
81%
29.7 mil Portugal
74%
162 mil 166 mil Netherlands
71%
53.5 mil 74.6 mil Belgium
67%
32.7 mil Switzerland
59%
281 mil Panama
58%
27.3 mil Finland
22%
59.8 mil New Zealand
20%
155 mil Algeria
19%
31.0 mil Belarus
17%
44.8 mil Croatia
9%
42.1 mil Cyprus
3%
No matching quizzes found
Score Distribution
Percent of People with Each Score
Percentile by Number Answered
Your Score History
You have not taken this quiz